<?xml version="1.0" encoding="UTF-8"?>
<collection xmlns="http://www.loc.gov/MARC21/slim">
 <record>
  <leader>02374nam a2200265 a 4500</leader>
  <controlfield tag="001">1/44674</controlfield>
  <controlfield tag="008">140624s2010    us            001 0 eng  </controlfield>
  <datafield tag="020" ind1=" " ind2=" ">
   <subfield code="a">9780080523446 (electronic bk.)</subfield>
  </datafield>
  <datafield tag="020" ind1=" " ind2=" ">
   <subfield code="a">0080523447 (electronic bk.)</subfield>
  </datafield>
  <datafield tag="020" ind1=" " ind2=" ">
   <subfield code="z">9780123725066</subfield>
  </datafield>
  <datafield tag="020" ind1=" " ind2=" ">
   <subfield code="z">0123725062</subfield>
  </datafield>
  <datafield tag="035" ind1=" " ind2=" ">
   <subfield code="l">47628</subfield>
  </datafield>
  <datafield tag="040" ind1=" " ind2=" ">
   <subfield code="a">OCLCQ</subfield>
   <subfield code="d">GR-PeUP</subfield>
  </datafield>
  <datafield tag="245" ind1="0" ind2="0">
   <subfield code="a">Chemical process equipment</subfield>
   <subfield code="h">[electronic resource] :</subfield>
   <subfield code="b">selection and design /</subfield>
   <subfield code="c">James R. Couper ... [et al.].</subfield>
  </datafield>
  <datafield tag="250" ind1=" " ind2=" ">
   <subfield code="a">Rev. 2nd ed.</subfield>
  </datafield>
  <datafield tag="260" ind1=" " ind2=" ">
   <subfield code="a">Burlington, MA ;</subfield>
   <subfield code="a">Oxford, UK :</subfield>
   <subfield code="b">Butterworth-Heinemann,</subfield>
   <subfield code="c">c2010.</subfield>
  </datafield>
  <datafield tag="300" ind1=" " ind2=" ">
   <subfield code="a">1 online resource (xvii, 812 p.) :</subfield>
   <subfield code="b">ill.</subfield>
  </datafield>
  <datafield tag="504" ind1=" " ind2=" ">
   <subfield code="a">Includes bibliographical references and index.</subfield>
  </datafield>
  <datafield tag="520" ind1=" " ind2=" ">
   <subfield code="a">Chemical Process Equipment is a guide to the selection and design of a wide range of chemical process equipment. Emphasis is placed on specific information concerning the process design and performance of equipment. To this end, attention is given to examples of successful applications, and a generous number of line sketches showing the functioning of equipment is included with many graphs and tables giving their actual performance. For coherence, brief reviews of perininent theory, including numerical examples to illustrate the more involved procedures, are provided in key chapters. Professor Walas, drawing up on his many years of experience in industry and academia, provides a wealth of valuable shortcut methods, rules of thumb, and design by analogy applications. References to sources of more accurate design procedures are cited whenever they are available. To illustrate the data essential to process design, a substantial number of equipment rating forms and manufacturers' questionnaires have been collected. Because decisions often must be based on economic grounds, a short chapter on costs of equipment rounds out the book. Serves as a guide for selecting and designing chemical process equipment. Provides numerous examples with many graphs and tables. Includes a chapter on equipment cost to address important economic concerns.</subfield>
  </datafield>
  <datafield tag="650" ind1=" " ind2="4">
   <subfield code="a">Chemical engineering</subfield>
   <subfield code="x">Equipment and supplies.</subfield>
  </datafield>
  <datafield tag="650" ind1=" " ind2="4">
   <subfield code="a">Chemical processes</subfield>
   <subfield code="x">Equipment and supplies.</subfield>
  </datafield>
  <datafield tag="655" ind1=" " ind2="4">
   <subfield code="a">Electronic books.</subfield>
  </datafield>
  <datafield tag="700" ind1="1" ind2=" ">
   <subfield code="a">Couper, James R.</subfield>
  </datafield>
  <datafield tag="852" ind1=" " ind2=" ">
   <subfield code="a">INST</subfield>
   <subfield code="b">UNIPILB</subfield>
   <subfield code="c">EBOOKS</subfield>
   <subfield code="e">20140624</subfield>
   <subfield code="p">00b47628</subfield>
   <subfield code="q">00b47628</subfield>
   <subfield code="t">ONLINE</subfield>
   <subfield code="y">0</subfield>
  </datafield>
  <datafield tag="856" ind1="4" ind2="0">
   <subfield code="3">ScienceDirect</subfield>
   <subfield code="u">http://www.sciencedirect.com/science/book/9780080523446</subfield>
  </datafield>
 </record>
</collection>
